| 000 | 00363nam a22001697a 4500 | ||
|---|---|---|---|
| 005 | 20160624100410.0 | ||
| 008 | 160624b xxu||||| |||| 00| 0 eng d | ||
| 020 | _a81-7649-512-3 | ||
| 041 | _aeng | ||
| 082 | _b9680 | ||
| 100 |
_aChapman, Elword N _92630 |
||
| 245 | _aAttitude | ||
| 260 | _bViva | ||
| 300 | _a99 | ||
| 650 |
_aManagement _9241 |
||
| 942 | _cBK | ||
| 999 |
_c3757 _d3756 |
||